| 000 | 00427nam a22001697a 4500 | ||
|---|---|---|---|
| 003 | NUST - PNEC | ||
| 005 | 20170116181014.0 | ||
| 008 | 150909b xxu||||| |||| 00| 0 eng d | ||
| 020 | _a- | ||
| 040 | _cLIBRARY | ||
| 082 | _a621.3815 CAR | ||
| 100 |
_910374 _aCarroll, John M. |
||
| 245 |
_aElectron devices and circuits _cJohn M. Carroll |
||
| 260 | _cc.1962 | ||
| 650 |
_98908 _aElectronic circuits _xEL |
||
| 942 |
_2ddc _cBK |
||
| 999 |
_c67211 _d67211 |
||